Herramientas estadísticas en criminología (Registro nro. 13520)
[ vista simple ]
| 000 -Cabecera | |
|---|---|
| Campo de control de longitud fija | 01027nam a22003617a 4500 |
| 005 - Fecha y hora de la última transacción | |
| Campo de control | 20260227160129.0 |
| 008 - Elementos de longitud fija--Información general | |
| Campo de control de longitud fija | 230504b2019 |||||||| |||| 00| 0 spa d |
| 020 ## - International Standard Book Number | |
| Número Internacional Estándar del Libro (ISBN) | 9788491713968 |
| 041 ## - Idioma | |
| Código de idioma | Español |
| 082 ## - Clasificación Decimal Dewey | |
| Número de clasificación | 364 S196h |
| 100 ## - Entrada principal--Autor personal | |
| Nombre personal | San Luis Costas, Concepción |
| 9 (RLIN) | 75531 |
| 100 ## - Entrada principal--Autor personal | |
| Nombre personal | Cañadas Osinski, Isabel |
| 9 (RLIN) | 75532 |
| 245 ## - Título propiamente dicho | |
| Título | Herramientas estadísticas en criminología |
| 260 ## - Pie de imprenta | |
| Lugar de publicación, distribución, etc. | España |
| 260 ## - Pie de imprenta | |
| Nombre del editor, distribuidor, etc. | Síntesis |
| 260 ## - Pie de imprenta | |
| Fecha de publicación, distribución, etc. | 2019 |
| 300 ## - Descripción física | |
| Extensión | 264 páginas |
| 490 ## - Serie | |
| Título de la Serie | Investigación Criminal |
| 650 ## - Materia general | |
| Temática (materia general) | CRIMINOLOGÍA |
| 650 ## - Materia general | |
| Temática (materia general) | ESTADÍSTICA |
| 650 ## - Materia general | |
| Temática (materia general) | DISEÑO DE LA INVESTIGACIÓN |
| 650 ## - Materia general | |
| Temática (materia general) | VALIDEZ DE LA INVESTIGACIÓN |
| 650 ## - Materia general | |
| Temática (materia general) | PROCEDIMIENTOS DE MUESTREO |
| 650 ## - Materia general | |
| Temática (materia general) | MÉTODOS DE SELECCIÓN DE LAS MUESTRAS |
| 650 ## - Materia general | |
| Temática (materia general) | VARIABLES |
| 650 ## - Materia general | |
| Temática (materia general) | MATRIZ DE DATOS |
| 650 ## - Materia general | |
| Temática (materia general) | PUNTUACIONES TÍPICAS |
| 650 ## - Materia general | |
| Temática (materia general) | VARIABLES ALEATORIAS |
| 650 ## - Materia general | |
| Temática (materia general) | PRUEBAS DE SIGNIFICACIÓN |
| 650 ## - Materia general | |
| Temática (materia general) | ESTIMACIÓN DE PARÁMETROS |
| 650 ## - Materia general | |
| Temática (materia general) | MUESTRAS |
| 942 ## - Punto de acceso adicional KOHA | |
| Tipo de ítem KOHA | Libro |
| Fuente del sistema de clasificación o colocación | Dewey Decimal Classification |
| Signatura completa | Código de barras | Programa Académico | Tipo de ítem |
|---|---|---|---|
| 364 S196h | 25685 | Investigación Criminal | Libro |